| 000 | 00735nam a22001337a 4500 | ||
|---|---|---|---|
| 999 |
_c5505 _d5505 |
||
| 020 | _a8175154705 | ||
| 050 |
_aJF1351 _b.P65 |
||
| 100 | _aS. Polinaidu | ||
| 245 |
_aPublic administration _cS. Polinaidu |
||
| 260 |
_aNew Delhi _bGalgotia Pub. _c2009 |
||
| 300 | _avi,605p. | ||
| 505 | _a1. Meaning, nature ans scope of public administration 2. Approaches to the study of public administration 3. Relations of public administration with other social sciences 4. Basic concepts and principles 5. Theories of administration: classical and neo-classical 6. Theories of administration: behavioural and social-psychological 7. Administrative behaviour 8. Comparative public administration 9. Development administration 1 | ||
| 942 | _cBK | ||